Epistemologia de comunicaçao /
La presente obra colectiva es el primer volumen de la Colección Comunicaçao Contemporánea edición brasileña, la cual busca reunir textos de autores que se distinguen por la reflexión y el estudio contemporáneo de la comunicaicón en un contexto globalizado. El presente trabajo ofrece una reflexión de...
Сохранить в:
| Главный автор: | |
|---|---|
| Формат: | |
| Язык: | португальский |
| Опубликовано: |
São Paulo, Brasil
Loyola,
2003, c2003
|
| Серии: | (Comunicaçào Contempoânea ;
1) |
| Предметы: | |
| Метки: |
Нет меток, Требуется 1-ая метка записи!
|
MARC
| LEADER | 00000nam^a2200000^a^4500 | ||
|---|---|---|---|
| 001 | 000184438 | ||
| 005 | 20250521000000.0 | ||
| 009 | 20260310102115.935 | ||
| 020 | |a 85-15-02735-6 | ||
| 037 | |a Acervo ITESO - Biblioteca | ||
| 041 | |a POR | ||
| 082 | |a 302. 201 |b LOP | ||
| 100 | |a Lopes, Maria Immacolata Vasallo de |e (coord.) | ||
| 245 | 1 | 0 | |a Epistemologia de comunicaçao / |c Coord. de M.I.V. de Lopes |
| 264 | 4 | |a São Paulo, Brasil |b Loyola, |c 2003, c2003 | |
| 300 | |a 345 p. | ||
| 336 | |a texto |b txt |2 rdacontenido | ||
| 337 | |a sin mediación |b n |2 rdamedio | ||
| 338 | |a volumen |b nc |2 rdasoporte | ||
| 440 | 1 | |a (Comunicaçào Contempoânea ; |v 1) | |
| 520 | |a La presente obra colectiva es el primer volumen de la Colección Comunicaçao Contemporánea edición brasileña, la cual busca reunir textos de autores que se distinguen por la reflexión y el estudio contemporáneo de la comunicaicón en un contexto globalizado. El presente trabajo ofrece una reflexión desde la epistemología sobre la comunicacion, y la produccion social de sentido. | ||
| 649 | |a XX | ||
| 650 | |a Recepción y Apropiación de la Comunicación | ||
| 650 | |a Interacción Comunicativa | ||
| 650 | |a Información | ||
| 650 | |a Geopolítica | ||
| 650 | |a Epistemología | ||
| 650 | |a Hermenéutica | ||
| 650 | |a Sociología de la Comunicación | ||
| 650 | |a Comunicación - |x Investigación | ||
| 650 | |a Comunicación - |x Filosofía | ||
| 650 | |a Comunicación - |x Objeto de Estudio | ||
| 650 | |a Comunicación - |x Teoría | ||
| 910 | |a Fondo General | ||
| 920 | |a Impresos - Libros | ||
| 930 | |a Colección General | ||
| 905 | |a 101 | ||
| 901 | |a 0500125346 |b IT1 |c ACC |u 20250521 | ||
| 901 | |a 0500125343 |b IT1 |c ACC |u 20250521 | ||
| 902 | |a https://opac.biblio.iteso.mx/vufind/Record/000184438 | ||